Antara tradisi dengan tuntutan perubahan

Bibliographic Details
Main Author: SHAM Sani
Format: Book
Published: Bangi : Penerbit UKM , 1995
Subjects:

MARC

LEADER 00000cam a2200000 7i4500
001 0000001040
005 20020304.0
020 0 0 |a 9679423174 
090 0 0 |a 378.4595   |b SHA 1995 
100 0 0 |a SHAM Sani 
245 1 0 |a Antara tradisi dengan tuntutan perubahan   |c Sham Sani 
260 0 0 |a Bangi :   |b Penerbit UKM ,   |c 1995 
300 |a 24 p. ;   |c 23 cm. 
610 1 0 |a Universiti Kebangsaan Malaysia 
650 0 0 |a Universiti Kebangsaan Malaysia   |x History 
650 0 0 |a Universiti Kebangsaan Malaysia   |x Planning 
650 0 0 |a Universities and colleges   |z Malaysia 
998 |a JPSM 
999 |a 0000001407   |b Monograph   |c Open Shelf   |e Default branch